[Event "WCPL:Cardigan-Nidum"]
[Site "?"]
[Date "2016.04.16"]
[Round "6.14"]
[White "Jones, Iolo C"]
[Black "Gibbons, Andrew"]
[Result "1/2-1/2"]
[WhiteElo "2215"]
[BlackElo "2039"]
[Annotator "Kemenade"]
[PlyCount "52"]
[EventDate "2016.??.??"]

1. d4 Nf6 2. Nf3 e6 3. c4 Bb4+ 4. Nbd2 (4. Bd2 {main; but Iolo likes 2 Bs ,
especially his QB}) 4... b6 5. a3 Bxd2+ {main} 6. Qxd2 Bb7 7. e3 d6 (7... O-O)
8. b4 (8. Be2 {main, leaves pawn moves till later}) (8. Bd3 {Houdini4 & Komodo9
}) 8... Nbd7 9. Bb2 a5 (9... O-O {main, probably transposes}) 10. b5 (10. Be2 {
main, Deep Fritz14 & New Engine; less committal-eg Wh can still try for a c5
break more easily}) 10... O-O 11. Be2 Qe7 (11... Ne4 12. Qc2 f5 {main,
probably transposes}) 12. O-O Ne4 13. Qc2 f5 14. Rad1 (14. Ne1 $11 {most
frequent; preparing against the coming K side attack} Rae8 15. Nd3 e5 16. Rae1
Rf6 17. f3 Rh6 18. fxe4 Qh4 19. h3 Bxe4 20. Bf3 Bxf3 21. Rxf3 e4 $11 {
Portisch-Andersson, World Cup Skelleftea 1989,1/2-1/2}) 14... Rae8 15. Bc1 (15.
Ne1 Qh4 (15... e5 $11 {Fritz15}) 16. f3 Ng5 17. Nd3 Nf6 18. Nf4 Nf7 19. d5 (19.
c5 $14) 19... Bc8 (19... Nd8 $14) 20. dxe6 Bxe6 21. Bd3 $16 {Ludwig-Jovanovic,
Budapest Sarkany GM 2013,1-0}) 15... Rf6 $11 {Fritz15} 16. d5 e5 17. Ne1 (17.
Nd2 Nec5 18. Bb2 Ref8 19. Nb3 Nxb3 20. Qxb3 Nc5 21. Qc2 Rh6 22. g3 f4 $11 {
Fritz15}) 17... Rh6 18. g3 Rf8 (18... Qg5) 19. Bf3 (19. f3 Nec5 20. Nd3 Rg6 21.
Nxc5 Nxc5 22. f4 Qh4 23. Rf2 (23. fxe5 dxe5 24. Bb2 Rxg3+ 25. hxg3 Qxg3+ {Bl
has a repetition at least} 26. Kh1 Qh4+ 27. Kg1 Qg5+ 28. Bg4 (28. Kh1 Rf6 29.
Bxe5 Rh6+ 30. Bh2 Ne4 $17 {Wh has to return some material})) 23... Ne4 24. Rg2
Nxg3 25. hxg3 Rxg3 26. Bf1 Rh3 27. Rxg7+ Kxg7 28. Bxh3 Qxh3 29. Qg2+ Qxg2+ 30.
Kxg2 exf4 31. Bb2+ Kf7 32. exf4 Re8 33. Kf3 Re4 34. Rd4 h5 $15 {Fritz15; but
draw with opposite colour Bs}) 19... Nec5 20. e4 (20. Be2 Rff6 21. f3 e4 22.
Rf2 $11 {Fritz15}) 20... f4 $15 21. Nd3 (21. Ng2 g5 $15) 21... Nxd3 22. Qxd3
Nc5 23. Qe2 Bc8 $17 24. Bg2 g5 (24... Qf7 $1 25. Qf3 {Fritz15} (25. f3 Qh5 26.
Bh1 Rff6 $19 (26... Nxe4 $19) 27. g4 Rfg6 28. Rf2 Bxg4 29. Kf1 (29. fxg4 Rxg4+
30. Kf1 Qh3+ 31. Ke1 Rg1+ 32. Rf1 Qc3+ 33. Rd2 (33. Qd2 Nd3+ 34. Ke2 Rxh2+ 35.
Kf3 Rg3#) 33... Qxc1+ 34. Qd1 Rxf1+ 35. Kxf1 Rxh2 36. Bg2 Qxa3 $19 {Fritz15})
29... Bh3+ 30. Ke1 Rg1+ (30... Nb3 $19) 31. Kd2 Qg5 32. Bb2 Rg6 $19 {Fritz15})
25... Qg6 $1 (25... g5 26. Rde1 g4 27. Qd1 Qh5 28. h4 gxh3 29. Qxh5 Rxh5 30.
Bf3 Rg5 (30... h2+ 31. Kh1 Rh3 32. Bg2 f3 33. Bxh3 Bxh3 $17 {Fritz15})) 26. Qe2
Bg4 27. f3 Qh5 28. Bh1 Bh3 $19 29. g4 (29. Rfe1 Rg6 30. Qf2 Qh4 31. g4 Rxg4+
32. fxg4 Qxg4+ 33. Bg2 f3 34. Qg3 f2+ 35. Kh1 fxe1=Q+ 36. Rxe1 Nd3 37. Bxh3
Qxg3 38. hxg3 Nxe1 $19) 29... Bxf1 30. Rxf1 Qh3 $19 {Fritz15}) 25. f3 Qg7 26.
g4 Rh4 $17 {(draw?)} (26... Rh4 27. h3 (27. a4 {Komodo9 gives up the a pawn to
be able to use the QB for something, but concludes it is losing} Nxa4 28. Qc2
Nc5 29. Ba3 h5 30. h3 Rf6 $19) 27... h5 {both Houdini4 & Komodo9 asess this
position as lost for Wh, with Komodo9 even earlier sacrificing the B on g4
than the other 2} 28. Rf2 (28. Kf2 hxg4 29. hxg4 Bxg4 $19 30. Rh1 (30. fxg4 f3
31. Bxf3 Rh2+)) (28. Rd3 Nxd3 29. Qxd3 hxg4 30. hxg4 Bxg4 31. fxg4 Rxg4 $19 {
Komodo9}) 28... Qh7 29. Rdf1 (29. Bb2 Kg7 30. Rdf1 hxg4 31. hxg4 Rh8 {mating})
29... Kg7 30. Re1 Rh8 31. Rff1 hxg4 32. fxg4 (32. hxg4 Rh1+ 33. Bxh1 Qxh1+ 34.
Kf2 Qh2# (34... Rh2#)) 32... Bxg4 33. Rf3 Bxh3 34. Bxh3 Rxh3 35. Rxh3 Qxh3 36.
Qg2 Kf6 $19 {Fritz15}) 1/2-1/2

[Event "WCPL:Cardigan-Nidum"]
[Site "?"]
[Date "2016.04.16"]
[Round "6.15"]
[White "Moore, Robert"]
[Black "Heap, Gerry"]
[Result "0-1"]
[WhiteElo "1980"]
[BlackElo "2161"]
[Annotator "Kemenade"]
[PlyCount "111"]
[EventDate "2016.??.??"]

1. d4 Nf6 2. Nf3 g6 3. Nbd2 c5 4. e3 (4. dxc5) 4... Bg7 5. Bd3 cxd4 6. exd4 O-O
7. O-O d5 8. Re1 Nc6 9. c3 Qc7 10. Nf1 Nh5 (10... Bg4 {main}) 11. Be3 (11. Bg5
Bf6 (11... Nf4) (11... e5) (11... f6 {all ended in draws}) 12. Qd2 Bg4 13. Bxf6
exf6 14. Re3 Rfe8 $11 {Ruch-Tholey, Muret open 55+ 2015,1-0}) 11... Bg4 12. h3
Bd7 13. Qb3 Rad8 14. Rac1 b6 15. Bg5 Rfe8 (15... Na5 16. Qc2 f6 17. Bh4 Qd6 18.
Ne3 b5 19. b3 Rc8 $11 {Fritz15}) 16. Bh4 (16. Qxd5 Be6 (16... Bxh3 17. Qc4 $16
{threat d5}) 17. Qe4 h6 18. Bh4 Bxa2 19. Bb5 Bd5 20. Qg4 Nf6 21. Qg3 $14 {
Fritz15}) 16... Qd6 17. Bg3 (17. Ne3 Bc8 18. Ng4 h6 $11 {Fritz15}) 17... Nxg3
18. Nxg3 Rc8 (18... e5 $15) 19. Qd1 (19. Bb5 $11) 19... e5 $15 20. dxe5 Nxe5
21. Nd4 (21. Nxe5 Bxe5 22. Ne2 b5 $15 {Fritz15}) 21... Nxd3 {Bl is happy to
have 2 Bs on an open board; Wh is happy as he has a firm blockade on d4} (21...
Nc6 22. Nxc6 Qxc6 23. Rxe8+ Rxe8 24. Be2 Bh6 25. Ra1 Be6 $11 {Fritz15}) 22.
Rxe8+ (22. Qxd3 Qc5 23. Nf1 Rxe1 24. Rxe1 Bxd4 25. Qxd4 Qxd4 26. cxd4 Rc2 27.
Re7 Be6 28. Rxa7 Rxb2 $15) 22... Rxe8 23. Qxd3 Qf4 (23... Qc5 $15) 24. Rd1 h5
25. Nde2 (25. Nf1) 25... Qe5 (25... Qa4 26. Nc1 Bc6 $15 {Fritz15}) 26. Nd4 Bf8
27. Nf3 Qd6 28. Qxd5 Qxd5 29. Rxd5 Be6 30. Rd1 Bxa2 31. Ra1 Bc4 32. Rxa7 $11 {
Wh has won a pawn, but Bl's Bs get very active} h4 $6 {maybe giving too much
for the extra R activity?} (32... b5 33. Rb7 Bh6 34. Nf1 Bc1 35. b3 Bxb3 36.
Rxb5 Be6 37. Rc5 Bf4 $11 {the c pawn will not get far}) 33. Nxh4 Re1+ 34. Kh2
Rb1 35. b4 $14 (35. Ne4 Re1 (35... Rxb2 $2 36. Nxg6 $1 {Fritz15} Bg7 (36...
fxg6 $2 37. Nf6+ Kh8 38. Rh7#) 37. Ne7+ Kf8 38. Nf5 Be5+ 39. g3 Kg8 40. Kg2 Bd3
41. Kf3 Bxe4+ 42. Kxe4 Bxc3 43. f4 $18 {the mobile Wh pawns with R & N create
mating threats}) 36. f3 Bh6 37. Kg3 $14) 35... Rb3 36. Ne4 Bg7 37. Nf3 (37.
Ra8+ $1 Kh7 38. Nf3 f5 39. Nd6 Rxc3 40. Rb8 Rxf3 (40... b5 41. Rb6 Rc2 42. Kg3
Rc3 43. Nxb5 $16) 41. gxf3 Be5+ 42. Kg2 Bxd6 43. Rxb6 Bf4 44. Rc6 Bd5 45. Rc5
Bb7 $16 {Fritz15; sooner or later the b pawn will force the win of a B}) 37...
Bd5 38. Nfd2 (38. Nfg5 f5 39. Rd7 Be5+ 40. Ng3 Bc4 41. h4 b5 42. h5 gxh5 43.
Kh3 Rxc3 44. Kh4 Bxg3+ 45. fxg3 Be2 46. Ne6 Bc4 47. Nd4 Rd3 48. Rd6 Kf7 49.
Nxf5 $16 {Fritz15}) 38... Rb2 39. Rd7 (39. Re7 Be6 $2 (39... f5 40. Re8+ Kh7
41. Ng5+ Kh6 42. Ndf3 Rxf2 43. Kg3 Rc2 $11 {Fritz15}) 40. Re8+ $1 Kh7 (40...
Bf8 41. Rb8 Kg7 42. Rxb6 {and Wh has 2 running pawns}) 41. Ng5+ Kh6 42. Nxe6
fxe6 43. Nc4 Rxf2 44. Rxe6 Bxc3 45. Rxb6 $18 {a pawn up on each side, though
Bl can resist for quite some time}) (39. c4 $1 Bxe4 40. Nxe4 Be5+ 41. g3 Re2
42. Ng5 Rxf2+ 43. Kh1 Bd4 44. Ne4 Rc2 45. Nd6 Rf2 46. g4 $14 {Fritz15}) 39...
Be5+ 40. g3 Bxe4 41. Nxe4 f5 (41... Re2 42. Ng5 Rxf2+ 43. Kh1 f5 (43... Rf5 44.
Ne4 Rf3 45. Re7 Bxc3 46. Kg2 Rd3 47. b5 Ba5 $11 {Fritz15})) 42. Re7 Bg7 (42...
Rxf2+) 43. Nd6 (43. Re8+ Kh7 44. Ng5+ Kh6 45. h4 Bxc3 46. Kh3 Rxb4 47. Re7 Bg7
48. Nf7+ Kh7 49. Nd6 Kh6 50. Re6 Kh5 51. f4 Bd4 52. Re7 Kh6 53. Nf7+ Kg7 54.
Rd7 Bf6 55. Nd6+ Kh6 56. Rc7 Bg7 57. Nf7+ Kh7 58. Ng5+ Kh6 59. h5 $16 Rb1 60.
Ne6 Bh8 61. Nf8 Bg7 62. Nxg6 Rh1+ 63. Kg2 Rxh5 64. Rc6 Kh7 65. Nh4 $16 {Fritz15
}) 43... Rxf2+ 44. Kg1 Rf3 45. Re8+ Bf8 (45... Kh7 46. Kg2 Rxc3 $11) 46. Kg2 (
46. Re6 Rxg3+ 47. Kh2 Rd3 48. Nb5 Kf7 49. Rxb6 f4 $11 {Fritz15}) 46... Rxc3 47.
Nc8 (47. Rc8 Rb3 48. Nc4 Rxb4 49. Ne5 Rb2+ 50. Kf3 Kg7 51. Rc6 Rb3+ 52. Kf4
Rb4+ 53. Kf3 Rb3+ {repetition; Fritz15}) 47... Kf7 $17 (47... Rc2+ 48. Kf1 (48.
Kf3 Kf7 49. Rd8 Bxb4 $19 50. Nxb6 Bc5 51. Kf4 Bxb6 $19) 48... Kf7 49. Rd8 Bxb4
50. Nxb6 Bc5 51. Na4 Be7 52. Rd3 Bf6 $15 {Fritz15}) 48. Rd8 Rc6 (48... Rc2+ 49.
Kf1 Bxb4 50. Nxb6 Bc5 {as above}) 49. Na7 (49. b5 Rc2+ 50. Kf1 Bc5 51. Rd7+ Ke6
52. Rg7 Kf6 53. Rb7 Ke5 54. Nxb6 Ke4 55. Nd7 Bd4 $15 {Fritz15}) 49... Rc2+ $19
50. Kf3 {puts the K in a mating net} (50. Kf1 Bxb4 $19) 50... Bxb4 51. Nb5 (51.
g4 Rc3+ 52. Kg2 f4 $19) 51... Bc5 52. Nd4 Rd2 53. Ke3 Rxd4 54. Rxd4 Kf6 (54...
g5 55. h4 Bxd4+ 56. Kxd4 f4 $19 {Fritz15}) 55. Kd3 Bxd4 56. Kxd4 0-1

[Event "WCPL:Cardigan-Nidum"]
[Site "?"]
[Date "2016.04.16"]
[Round "6.16"]
[White "Van Kemenade, Rudy"]
[Black "Bennett, Alan"]
[Result "1-0"]
[WhiteElo "2032"]
[BlackElo "1999"]
[Annotator "Kemenade"]
[PlyCount "89"]
[EventDate "2016.??.??"]

1. e4 c5 2. Nf3 Nc6 3. Bb5 e6 4. Bxc6 (4. O-O) 4... bxc6 5. d3 Ne7 6. Bd2 (6.
Qe2 {main}) (6. O-O Ng6 7. Nc3 e5 {Garcia-Thomas, WCPl 2016, played in same
room}) 6... Ng6 7. Bc3 (7. h4 h5 8. e5 {main}) 7... d5 (7... f6 8. e5 (8. h4 h5
9. e5 Be7 10. Nbd2 Qc7 11. Qe2 d6 12. exd6 Bxd6 13. Qe4 Nf4 14. g3 Nd5 15. Nc4
Nxc3 16. Nxd6+ Qxd6 17. Qg6+ Kf8 18. bxc3 Qd5 19. Qe4 Qxe4+ 20. dxe4 Ba6 $11 {
Khusnutdinov-Nguyen, Asian Blitz 2015,1-0}) 8... d6 9. exd6 Bxd6 10. Nbd2 e5
11. Nc4 Be7 12. Ba5 Qd5 13. Ne3 Qf7 14. Nd2 O-O $11 {Gritsayeva-Rodshtein,
Chigorin mem St Petersburg 2014,0-1}) 8. e5 d4 (8... Be7 9. O-O O-O 10. b3 Qc7
11. Re1 Bb7 12. Nbd2 Rab8 13. Bb2 $11 {Lipka-Androvic, Tatry op Tatranske
Zruby 2002,1-0}) 9. Bd2 Ba6 10. h4 (10. b3 {prevents c4, simplest & avoids
next note}) 10... c4 (10... Qb8 $1 {Fritz15} 11. b3 Nxe5 12. Bf4 Bd6 13. O-O
O-O 14. Nxe5 Bxe5 15. Bxe5 Qxe5 16. Nd2 Rad8 $15) 11. Qe2 (11. dxc4 Bxc4 12. h5
Ne7 13. b3 Ba6 14. Bb4 Nf5 15. Bxf8 Kxf8 16. g4 Qd5 17. gxf5 Qe4+ 18. Kd2 Qf4+
19. Ke1 Qe4+ $11 {Fritz15}) 11... cxd3 12. cxd3 Qb6 13. b3 Rd8 (13... h5 $15 {
Fritz15}) 14. h5 Ne7 15. Qe4 (15. Na3 Nd5 16. Nc4 Bxc4 17. dxc4 Nb4 18. O-O $14
{Fritz15}) (15. Ng5 h6 (15... Qb5 16. Rh3 h6 17. Na3 Qc5 18. b4 Qd5 19. Nf3 $11
{considered}) 16. Ne4 Nd5 17. Rh3 Qc7 18. f4 f5 $17 {Fritz15}) (15. h6 Qb5 $15)
15... c5 (15... Qc5 $1 $15 {Fritz15} 16. Ke2 (16. Kd1 Nd5 17. Rh3 Qb6 18. Ke2
Be7 $17) (16. O-O Qc2 17. Na3 Qxd3 18. Qg4 Qf5 19. Qxf5 Nxf5 20. Nc4 Be7 $17)
16... f5 17. exf6 gxf6 18. Qxe6 Rd6 19. Qe4 Rg8 20. Ne1 Kf7 21. Kf1 Re6 22. Qf3
Rxe1+ 23. Bxe1 Qc1 24. Qe2 Nd5 25. Qd2 Nf4 26. g3 Bxd3+ 27. Kg1 Ne2+ 28. Kg2
Qc5 29. Rh4 Qf5 $19 {Fritz15}) 16. Na3 $11 Nd5 (16... Qc6 17. Qxc6+ Nxc6 18.
Ke2 h6 $11 {Fritz15}) 17. O-O Be7 18. Nc4 Qb8 (18... Qc6) 19. Qg4 g6 20. Qh3 $1
$14 {Fritz15} Kd7 (20... Rg8 21. Ng5 Bxc4 22. bxc4 Nc3 23. Qf3 Bxg5 24. Bxg5
Rc8 25. Qf6 Qc7 26. h6 $14 {Fritz15}) 21. Rfe1 $16 (21. Ng5 Bxg5 22. Bxg5 Rdf8
23. Nd6 f5 24. Rfc1 Nc3 25. Rc2 $16 {Fritz15}) 21... Rhg8 22. Bg5 (22. Ng5 Bxg5
(22... gxh5 23. Ne4 Bxc4 24. bxc4 Nb4 25. Bxb4 cxb4 26. Qxh5 Rg7 27. Rac1 Rdg8
28. g3 $16 {Fritz15}) 23. Bxg5 Rdf8 24. Nd6 Nb4 25. Rad1 f5 26. a3 Nd5 27. b4
$18 {Fritz15}) 22... Rdf8 23. Bxe7 (23. h6 $16 {Fritz15}) 23... Nxe7 (23...
Kxe7 $5) 24. Ng5 Bxc4 (24... gxh5 25. Ne4 Bxc4 26. Nf6+ Kc7 27. bxc4 Qa8 28.
Nxg8 Rxg8 29. Re4 Rg5 30. Qf3 Rf5 31. Qe2 $16 {Fritz15}) 25. bxc4 $18 Rh8 26.
Ne4 $5 {Wh looked at alternatives, but couldn't find a breakthrough; so tries
to open up lines to the Bl K} (26. Rab1 $1 {should be fine, netting at least
the c pawn} Qa8 (26... Qc7 27. Qf3 $1 {Julie& Fritz15 -Wh missed the power of
this move} Nc6 28. Ne4 {Rb7 is also a real threat} Ke7 29. Qf6+ Kd7 30. Rb7
Qxb7 31. Nxc5+ Kc8 32. Nxb7 Kxb7 33. Rb1+ Kc7 34. Qf3 $18 {Fritz15}) 27. Ne4
Rc8 28. Qf3 Rhf8 29. Rb5 {wins p or} a6 30. Rb7+ Qxb7 31. Nxc5+ Rxc5 32. Qxb7+
Rc7 33. Qxa6 $18) (26. Qf3 {Julie, Komodo9 & Fritz15} Qa8 27. Ne4 Nf5 28. Rab1
(28. Nxc5+) 28... Rb8 29. g4 {wins the N} Ne7 (29... Kc7 30. Rxb8 Rxb8 31. Qf4
Rb2 32. gxf5 gxf5 33. Nxc5 $18) 30. Qxf7 Qc6 31. Nf6+ Kc8 32. Qxe7 $18) 26...
Qxe5 (26... Qc7 27. Qf3 Nf5 28. Rab1 Rb8 29. g4 $18 Ne7 30. Qxf7 $18 {Fritz15})
27. Qh4 (27. Qf3 $1 $18 {Fritz15} Qf5 28. Qg3 e5 29. Nxc5+ Kd6 30. Nb7+ Ke6 31.
f4 f6 32. fxe5 fxe5 33. Nc5+ Kd6 34. Rxe5 Qxe5 35. Nb7+ Ke6 36. Re1 $18) 27...
f6 (27... Nf5 {expected} 28. Qg5 h6 29. Qd2 Nd6 30. Qa5 Nxe4 31. Rxe4 Qc7 32.
Qxc7+ Kxc7 33. hxg6 fxg6 34. Rxe6 $16 {Fritz15}) (27... Qc7 28. Rab1 $1 $18 (
28. Nf6+ Kc8 29. Rab1 Rd8 30. Qe4 Qc6 31. Qe2 a6 32. Rb2 Qc7 33. Reb1 Qf4 34.
Ne4 $18) 28... Rb8 29. Qf6 Rhf8 30. Rxb8 Qxb8 31. Nxc5+ Ke8 (31... Kc6 32. Qxe7
$18 (32. Nxe6 $1 $18 {Fritz15, even stronger})) 32. Qxd4 $18 {Fritz15}) 28. f4
(28. Rab1 $18 gxh5 (28... Nf5 29. Qg4 Rb8 30. Rxb8 Rxb8 31. hxg6 hxg6 32. f4
Qc7 33. Qxg6 $18 {Fritz15}) 29. Rb5 Ng6 30. Qh1 Rc8 31. Nxc5+ Qxc5 32. Rxc5
Rxc5 33. g3 $18 {Fritz15}) 28... g5 (28... Nf5 29. fxe5 Nxh4 30. Nxc5+ (30.
exf6 gxh5 31. Rab1 e5 32. Nxc5+ Kd6 33. Ne4+ Kc7 34. Rf1 $18 {Fritz15})) 29.
fxe5 gxh4 30. exf6 (30. Nxc5+ Kc8 31. Nxe6 Rf7 32. Nxd4 Rd8 33. exf6 Ng8 34.
Nc6 Rdf8 35. Ne7+ Kc7 36. Nxg8 Rxg8 37. Re7+ Rxe7 38. fxe7 Kd7 39. Re1 $18 {
Fritz15}) 30... Nf5 31. Rab1 $1 {Fritz15} (31. Nxc5+ Kc6 32. Rxe6+ Kxc5 33.
Re5+ Kb4 34. Rxf5 Rf7 35. Re1 (35. Rc1) 35... Kc3 36. Rf3 Rhf8 37. Re6 $18 {
Fritz15}) 31... Ne3 32. Nxc5+ (32. Rb7+ $1 Kc6 33. Reb1 Rhg8 34. Rxa7 Rxg2+ 35.
Kh1 Rg3 (35... Rc2 36. Ra6+ Kc7 37. Nxc5 Rb8 38. Nxe6+ Kc8 39. Rc6+ Kd7 40.
Rxb8 Rc1+ 41. Kh2 Kxc6 42. Nxd4+ Kd6 43. f7 $18) 36. Ra6+ Kc7 37. Nxg3 hxg3 38.
Rxe6 $18 {Fritz15}) 32... Kd6 33. Ne4+ (33. Rb5 $18) 33... Kc6 34. Re2 (34. Rb5
) (34. Rxe3 dxe3 35. Re1 Rb8 36. Rxe3 $16 {considered}) 34... Rhg8 35. Kh1 (35.
Rb5 $18 {Fritz15} h3 36. g3 Nf5 37. Kh2 Nd6 38. Rc5+ Kd7 (38... Kb6 39. Rb2+
Ka6 40. Rc6+ Ka5 41. Nc5 Rxf6 42. Ra6#) 39. Kxh3 Nxe4 40. Rxe4 Kd6 41. Ra5 Rxf6
42. Ra6+ Kc7 43. Rxa7+ Kd6 44. Ra6+ Ke7 45. Rxd4 $18 {Fritz15}) 35... Rg4 36.
Rf2 Rf7 37. Rb5 Nf5 (37... Rxe4 38. dxe4 Nxc4 39. Rb8 Kd6 40. Rc8 Ne3 41. Rg8
$18 {Fritz15}) 38. Re5 (38. Rc5+ Kd7 39. Kh2 Ng3 40. Ng5 Rxg5 41. Rxg5 Nf5 42.
Rg8 $18 {Fritz15}) (38. Ra5 {considered} Kb6 39. Ra4 a5 40. Rb2+ Kc7 41. Rxa5
Rxe4 42. Ra7+ Kc6 43. Rxf7 $18 {Fritz15 nudged}) 38... Kd7 (38... Ng3+ 39. Nxg3
hxg3 40. Rf3 Kd6 41. Ra5 $18 {Fritz15}) 39. Nc5+ Kd6 40. Rxe6+ Kxc5 41. Rxf5+
Kb4 42. Re7 Rf8 43. f7 Kc3 (43... Rg7 44. h6) 44. Re8 Rxf7 45. Rxf7 (45. Rxf7
Kxd3 46. c5 h3 47. gxh3 Rg5 48. c6 Rxh5 49. c7 $18) 1-0

[Event "WCPL:Cardigan-Nidum"]
[Site "?"]
[Date "2016.04.16"]
[Round "6.17"]
[White "Sims, Chris"]
[Black "Haigh, Tony"]
[Result "1-0"]
[WhiteElo "1897"]
[BlackElo "1888"]
[Annotator "Kemenade"]
[PlyCount "75"]
[EventDate "2016.??.??"]

1. e4 e6 2. d4 d5 3. Nc3 Nf6 4. Bg5 Bb4 5. e5 h6 6. Be3 (6. Bd2 {main;
Roussos-Haigh,ECC Rhodes 2013, 1-0}) 6... Ne4 7. Qg4 Kf8 (7... g6 {main}) (7...
g5 {also played}) 8. Nge2 (8. a3 {main}) (8. Bd3 {both score better for Wh at
60% than the text}) 8... Nxc3 $146 (8... c5 9. O-O-O Nxc3 10. Nxc3 Bxc3 11.
bxc3 Nc6 $11 12. h4 (12. dxc5 Qa5 13. Kd2 Nxe5 14. Qb4 Nc6 {Nightingale-Turkov,
ICCF Olympiad 2006,1/2-1/2}) 12... Qa5 13. Rh3 cxd4 14. cxd4 Bd7 15. Rg3 Rg8 (
15... g6) 16. Bxh6 Rc8 (16... Qxa2 $11) 17. a3 $16 {Bortnik-Anton Guijarro, EU
ch U16 Albena 2011,1-0}) 9. bxc3 Ba3 {prevents 0-0-0, but leaves the B a
little off side} (9... Ba5 10. Rb1 Nd7 11. Qf3 c5 12. Bd2 Kg8 $11 {Fritz15})
10. Rb1 Nd7 (10... c5 11. Nf4 Nc6 $11 {a more active piece placement for Bl})
11. Nf4 $14 Be7 12. h4 $16 Kg8 (12... c5 13. Bd3 (13. Rh3 cxd4 (13... h5 14.
Nxh5 g6 15. Nf4 $18 cxd4 16. Nxg6+ fxg6 17. Qxg6 Nxe5 18. Bh6+ Rxh6 19. Qxh6+
Ke8 20. Qh8+ Kd7 21. Qxe5 $18 {Fritz15}) 14. Nxe6+ fxe6 15. Rf3+ Nf6 16. Bxd4
h5 17. exf6 Bxf6 (17... hxg4 18. fxg7+ Ke8 19. Bb5+ Bd7 20. gxh8=Q+ Bf8 21.
Qxf8#) 18. Qg6 e5 19. Bxe5 Qe7 20. Qg3 Rh6 21. Be2 $16 {Fritz15}) 13... c4 14.
Nxe6+ fxe6 15. Bg6 Nf6 16. exf6 Bxf6 17. Qg3 $16 {Fritz15: variants of B
looked at in pm analysis}) 13. Bd3 (13. Nxe6 $1 $18 {Fritz15} fxe6 14. Qxe6+
Kf8 15. Qxd5 Qe8 16. Bc4 Qg6 17. h5 Qf5 18. g4 c6 19. gxf5 cxd5 20. Bxd5 Nb6
21. Be4 {Fritz15;& Wh's impressive pawn mass will at the least regain the
piece ( while Bl stillstruggles to complete development)}) 13... f5 {weakens
e6 & g6 further} (13... Qf8 {best Fritz15; until it busts it} 14. Rh3 c5 15.
Rg3 c4 (15... Rh7 16. Nh5 g6 17. Bxg6 fxg6 18. Qxe6+ Qf7 19. Rxg6+ Kh8 20. Qxf7
Rxf7 21. Rxh6+ Rh7 22. Rxh7+ Kxh7 23. Bg5 Bxg5 24. hxg5 Kg6 25. Nf4+ Kxg5 26.
Nxd5 $18 {lots of pawns for the piece}) 16. Nxe6 fxe6 17. Bg6 Nf6 18. exf6 Bxf6
19. Rxb7 $1 $18 {Fritz15}) 14. exf6 (14. Qh5 $1 Nf8 15. g4 $18 {Fritz15} c6 16.
gxf5 exf5 17. Bxf5 Bxf5 18. Qxf5 Rb8 19. Ne6 Nxe6 20. Qxe6+ Kh7 21. Bxh6 Qe8
22. Bg5 Ba3 23. Qxe8 Rhxe8 24. Kd2 $18 {Fritz15}) 14... Nxf6 15. Qf3 $16 Kf7 (
15... c5) 16. Bg6+ (16. g4 $18 {Chris & Fritz15} Kg8 17. Ng6 Ne4 18. g5 $18)
16... Kg8 17. Bd3 Kf7 18. Ng6 $18 Rg8 (18... Re8 {Chris} 19. g4 (19. Ne5+ Kg8
20. Bxh6 $18 gxh6 21. Qg3+ Ng4 22. Qxg4+ Bg5 23. Qh5 $18) 19... Kg8 20. g5 $18
{Fritz15; the Bl K is very short of protectors}) 19. Ne5+ (19. g4 $18 {also})
19... Kf8 20. Bh7 {wins an exchange, but almost a pity to give up the powerful
B} (20. g4 $18 {just opens up the K further; the R is not doing a lot on g8;
Fritz15 & Komodo9}) 20... c5 21. Bxg8 (21. dxc5 $18 {both Engines}) 21... Kxg8
22. g4 $18 (22. Bxh6 gxh6 23. Qg3+ Kf8 24. Qg6 Qe8 25. Qxh6+ Kg8 26. Ng6 Bd6
27. dxc5 Bc7 28. Rh3 $18 {Fritz15}) 22... Qa5 23. Bxh6 (23. g5 $1 $18 {presses
home with the idea behind the last move}) 23... Qxa2 24. O-O Qxc2 25. g5 gxh6
26. gxf6 Bf8 27. Qg4+ {there are lots of ways in which Wh can now finish the
game by use of the open g file} (27. Kh2 {mates in 8} Kh8 28. Rg1 Bd6 29. f7
Qf5 30. Rg8+ Kh7 31. Rbg1 Bxe5+ 32. dxe5 Qxe5+ 33. R1g3 Qxg3+ 34. Qxg3 h5 35.
Qg6# {Fritz15}) 27... Kh7 28. h5 (28. Qh5 {& mate in 8} Kh8 29. Ng6+ Qxg6+ (
29... Kg8 30. Ne7+ Bxe7 31. Qg4+ Qg6 32. Qxg6+ Kf8 33. Qg7+ Ke8 34. Qxe7#) 30.
Qxg6 e5 31. Rxb7 Bxb7 32. Kh2 Bc8 33. f7 Bg7 34. Rg1 Bg4 35. Rxg4 Rg8 36. Qxh6+
Bxh6 37. fxg8=Q# {Fritz15}) 28... a5 29. Kh1 (29. Rxb7+ Bxb7 30. Qxe6 Kh8 31.
Qf7 Ba6 32. Ng6+ Qxg6+ 33. hxg6 Bxf1 34. Qh7# {Fritz15}) (29. Ng6 Bd6 30. Ne7
Bh2+ 31. Kxh2 Qxf2+ 32. Rxf2 cxd4 33. Qg8# {Fritz15}) 29... a4 (29... Qe4+ 30.
Qxe4+ dxe4 31. dxc5 a4 32. Rfd1 a3 33. Rd8 a2 34. Ra1 Bg7 35. fxg7 Kxg7 36. Nd7
Bxd7 37. Rxa8 $18 {Fritz15}) 30. f3 (30. Rxb7+ Bxb7 31. Qxe6 {forces Bl to
give up his Q to avoid a quick mate} Qe4+ 32. Kg1 Qxe5 33. dxe5 {& still mate
in 8}) 30... Qf5 31. Qg6+ Qxg6 32. hxg6+ Kg8 (32... Kh8 33. Rg1 Bg7 {is
apparently a little better; Fritz15}) 33. Rg1 (33. g7 $1 {Fritz15} Bd6 (33...
Bxg7 34. Rg1 Kf8 35. Rxg7 cxd4 36. Rbg1 dxc3 37. Rg8#) 34. Rg1 Bxe5 35. f7+
Kxf7 36. g8=Q+ {mate in 3}) 33... Bd6 (33... Bg7 $5) 34. g7 Bxe5 35. dxe5 (35.
f7+ {mate in 4}) 35... Bd7 36. Rg6 (36. Rxb7 Be8 37. Rgb1 {is another way to
win; Fritz15}) 36... Be8 (36... Kf7 37. Rxh6 Bc6 38. Rh8 Rg8 39. Rxg8 Kxg8 40.
Kg2 Be8 41. Rh1 {the reserve R , mating; Fritz15}) 37. Rxh6 Bf7 38. Rh8# 1-0